000 01502cam a2200313 a 4500
999 _c233499
_d233499
001 16509175
003 Nust
005 20170308120602.0
008 101019r20112002ilu 000 1 eng
010 _a 2010043576
020 _a9781402243844 (pbk.)
020 _a1402243847 (pbk.)
035 _a(OCoLC)ocn662405309
040 _aDLC
_cDLC
_dIG#
_dBTCTA
_dON8
_dNBO
_dIK2
_dWIQ
_dQQ3
_dDLC
042 _apcc
050 0 0 _aPR6063.A395
_bS73 2011
082 0 0 _a823/.914
_222
100 1 _aMansell, Jill.
245 1 0 _aStaying at Daisy's /
_cJill Mansell.
260 _aNaperville, Ill. :
_bSourcebooks Landmark,
_c2011.
300 _a500 p. ;
_c21 cm.
500 _aIncludes an excerpt from To the moon and back.
520 _aJill Mansell is a huge internationally bestselling author with 22 novels and over 4 million copies sold. Our first six U.S. editions have sold over 85,000 copies. Hotel manager Daisy MacLean thinks she has people all figured out. When she meets cocky, sarcastic Dev Tyzack, it's a no brainer-stay away. But as guests come and go, Daisy realizes Dev is the one person she wants to stay.
650 0 _aWidows
_vFiction.
650 0 _aHotelkeepers
_vFiction.
650 0 _aRugby football players
_vFiction.
655 7 _aLove stories.
_2gsafd
906 _a7
_bcbc
_corignew
_d1
_eecip
_f20
_gy-gencatlg
942 _2ddc
_cBK